[Event "11open de NOEL "]
[Site "Charleville 08 Ardennes"]
[Date "????.??.??"]
[Round "7.1"]
[White "Dgebuadze, Alexandre"]
[Black "Roos, Louis"]
[Result "1/2-1/2"]
[WhiteElo "2474"]
[BlackElo "2338"]
[PlyCount "59"]

1. Nf3 Nf6 2. d4 e6 3. c4 b6 4. g3 Ba6 5. Qa4 Bb7 6. Bg2 c5 7. dxc5 bxc5 8. O-O
Be7 9. Nc3 O-O 10. Rd1 Qb6 11. Qc2 d6 12. Bg5 h6 13. Bxf6 Bxf6 14. Rd2 Rd8 15.
Rad1 Be7 16. a3 a6 17. Na4 Qc7 18. b4 Nd7 19. Nb2 Rab8 20. Nd3 Be4 21. Nfe1 Bh7
22. Qa4 cxb4 23. Nxb4 Rb6 24. Nxa6 Qa7 25. Nc5 Qxa4 26. Nxa4 Ra6 27. Nc3 Ne5
28. c5 Nc4 29. Rd4 d5 30. e4 1/2-1/2

[Event "11open de NOEL "]
[Site "Charleville 08 Ardennes"]
[Date "????.??.??"]
[Round "7.2"]
[White "Bernard, Jacques"]
[Black "Serafimov, Dimitar"]
[Result "1-0"]
[WhiteElo "2204"]
[BlackElo "2258"]
[PlyCount "73"]

1. e4 c6 2. d4 d5 3. e5 Bf5 4. Nd2 e6 5. Nb3 Nd7 6. Be3 Rc8 7. c3 Qc7 8. f4 h5
9. Nf3 Be7 10. Be2 Nh6 11. h3 h4 12. O-O Bg6 13. Bf2 Nf5 14. Rc1 a6 15. Kh2 Bh5
16. Ng1 Bxe2 17. Nxe2 b5 18. g4 hxg3+ 19. Nxg3 Nf8 20. Qd3 g6 21. Nd2 Nd7 22.
b3 Nb6 23. Nxf5 gxf5 24. Rg1 c5 25. c4 dxc4 26. bxc4 bxc4 27. Nxc4 Nd5 28. Qf3
Qb8 29. dxc5 Qb4 30. a3 Qb7 31. Nb6 Rd8 32. c6 Qc7 33. Nxd5 Rxd5 34. Rgd1 Qa5
35. c7 Kd7 36. Rxd5+ exd5 37. Qd3 1-0

[Event "11open de NOEL "]
[Site "Charleville 08 Ardennes"]
[Date "????.??.??"]
[Round "7.3"]
[White "Serafimov, Tervel"]
[Black "Rouffignac, Tanguy"]
[Result "1-0"]
[WhiteElo "2407"]
[BlackElo "2265"]
[PlyCount "57"]

1. g3 g6 2. Bg2 Bg7 3. d3 Nf6 4. e4 d6 5. Ne2 O-O 6. O-O c5 7. f4 Nc6 8. h3 Bd7
9. c3 Rc8 10. Be3 b5 11. a3 Ne8 12. d4 cxd4 13. cxd4 Qb6 14. Bf2 Na5 15. b3 Qa6
16. Ra2 Nc7 17. d5 e6 18. dxe6 Bxe6 19. Nd2 Nc6 20. Nc1 d5 21. e5 Qb7 22. Nd3
Na6 23. b4 f6 24. Nb3 Rfd8 25. Re2 fxe5 26. fxe5 Qe7 27. Nf4 Bxe5 28. Rfe1 Bf5
29. Nd3 1-0

[Event "11open de NOEL "]
[Site "Charleville 08 Ardennes"]
[Date "????.??.??"]
[Round "7.4"]
[White "Pytel, Krzysztof"]
[Black "Schweitzer, Marc"]
[Result "1/2-1/2"]
[WhiteElo "2311"]
[BlackElo "1880"]
[PlyCount "88"]

1. Nf3 d5 2. g3 g6 3. Bg2 Bg7 4. d4 Nf6 5. O-O O-O 6. c4 dxc4 7. Na3 c6 8. Nxc4
Nbd7 9. b3 Nb6 10. Nce5 Be6 11. Ng5 Bd7 12. Bb2 h6 13. Nxd7 Qxd7 14. Nf3 e6 15.
Qc2 Rfd8 16. Rfd1 Qe7 17. e3 Rac8 18. a4 a6 19. Ne5 Qe8 20. Rac1 Nbd5 21. Nd3
Nd7 22. b4 Bf8 23. Qb3 b5 24. a5 Rc7 25. Rc2 Rdc8 26. e4 N5f6 27. Rdc1 Be7 28.
d5 exd5 29. exd5 Bd6 30. dxc6 Ne5 31. Bxe5 Bxe5 32. Re2 Re7 33. Rce1 Bd6 34.
Rxe7 Bxe7 35. Qc3 Qd8 36. Nc5 Bxc5 37. Qxc5 Qd2 38. Re7 Qd1+ 39. Bf1 Qd5 40.
Qxd5 Nxd5 41. Rd7 Nf6 42. Rd4 Rxc6 43. Be2 Ne8 44. Rd8 Kf8 1/2-1/2

[Event "11open de NOEL "]
[Site "Charleville 08 Ardennes"]
[Date "????.??.??"]
[Round "7.5"]
[White "Gerardin, David"]
[Black "Schweitzer, Viktoriya"]
[Result "0-1"]
[WhiteElo "1758"]
[BlackElo "2139"]
[PlyCount "100"]

1. e4 g6 2. d4 Bg7 3. Nf3 d6 4. Nc3 Nf6 5. Be3 c6 6. a4 O-O 7. h3 Qa5 8. Bd3
Nbd7 9. O-O Re8 10. Qe2 e5 11. dxe5 dxe5 12. Rfb1 Nf8 13. b4 Qc7 14. Rd1 Ne6
15. Bc4 Nh5 16. Qf1 Qe7 17. Rab1 Nhf4 18. Ne2 Nxe2+ 19. Qxe2 b6 20. Qd3 Rd8 21.
Qb3 Bd7 22. c3 h6 23. Rb2 Nf8 24. Rbd2 Be6 25. Bxe6 Nxe6 26. Rxd8+ Rxd8 27.
Rxd8+ Qxd8 28. Qc2 h5 29. Kf1 Qd6 30. Qd2 Qxd2 31. Nxd2 Bf8 32. Nc4 f6 33. Ke2
c5 34. bxc5 (34. b5 Be7 35. a5 Bd8 36. axb6 axb6 37. Nd6 Kf8 38. c4 {
et là David tu tiens la nulle}) 34... Bxc5 35. f3 Kf7 36. a5 bxa5 37. Nxa5 Bxe3
38. Kxe3 Nc5 39. Nc4 Ke6 40. g3 Nb7 41. Kd3 f5 42. g4 Nc5+ 43. Ke3 f4+ 44. Kd2
h4 45. Kc2 {terminé les 2 faiblesses f3 et h3 vont tomber et si le roi blanc
arrive à protéger c'est c3 qui tombe} a6 46. Kd2 Nb7 47. Kc2 Nd8 48. Na5 Nf7
49. Nb7 Ng5 50. Kd2 Nxf3+ 0-1

[Event "11open de NOEL "]
[Site "Charleville 08 Ardennes"]
[Date "????.??.??"]
[Round "7.6"]
[White "Halfaoui, Eddine"]
[Black "Wallart, Adrien"]
[Result "0-1"]
[WhiteElo "1935"]
[BlackElo "2278"]
[PlyCount "92"]

1. d4 Nf6 2. Nf3 g6 3. Bf4 Bg7 4. e3 O-O 5. Bd3 d6 6. h3 c5 7. c3 b6 8. O-O Bb7
9. Nbd2 Nbd7 10. Re1 Qc7 11. Rc1 Rfe8 12. e4 e5 13. Bh2 Nh5 14. d5 Bh6 15. c4
Re7 16. Rc3 Rf8 17. Nh4 Bc8 18. Nf1 Nf4 19. Ne3 Nf6 20. Bf1 Nxe4 21. Ra3 Nf6
22. Kh1 N4h5 23. Be2 Ng7 24. Bg4 Ne4 25. Qc2 f5 26. Bf3 Nf6 27. g4 e4 28. Bd1
f4 29. Neg2 g5 30. Nf5 Nxf5 31. gxf5 Bxf5 32. Rg1 Rg7 (32... e3 33. Qe2 exf2
34. Qxf2 Ne4) 33. Qd2 f3 34. Ne3 Bxh3 35. Bc2 g4 36. Qe1 Bxe3 37. Qxe3 Bg2+ 38.
Rxg2 fxg2+ 39. Kxg2 Qe7 40. Bg3 Rgf7 41. Bh4 Qe5 42. Bg3 Qxb2 43. Bd1 Nh5 44.
Qg5+ Ng7 45. Qe3 Nf5 46. Qg5+ Rg7 0-1

[Event "11open de NOEL "]
[Site "Charleville 08 Ardennes"]
[Date "????.??.??"]
[Round "7.7"]
[White "Fauchart, Francois"]
[Black "Pytel, Bozena"]
[Result "0-1"]
[WhiteElo "1693"]
[BlackElo "1929"]
[PlyCount "64"]

1. d4 f5 2. Nf3 Nf6 3. Bf4 g6 4. Nbd2 Bg7 5. e3 d6 6. c3 e6 7. Qb3 O-O 8. h3
Qe7 9. Be2 Nc6 10. O-O Kh8 11. Rfe1 h6 12. h4 Qf7 13. Bd3 Ng4 14. Bg3 Qf6 15.
Qc2 e5 16. dxe5 dxe5 17. Nh2 Nxh2 18. Kxh2 f4 19. exf4 exf4 20. Rf1 Bf5 21. Ne4
Bxe4 22. Bxe4 g5 23. hxg5 fxg3+ 24. fxg3 Qxg5 25. Rxf8+ Rxf8 26. Bxc6 bxc6 27.
Qa4 Qh5+ 28. Kg1 Qc5+ 29. Kh2 Rf5 30. g4 Be5+ 31. g3 Qf2+ 32. Kh1 Qf3+ 0-1

[Event "11open de NOEL "]
[Site "Charleville 08 Ardennes"]
[Date "????.??.??"]
[Round "7.8"]
[White "Louis, Andre"]
[Black "Le Deuff, Frederic"]
[Result "1-0"]
[WhiteElo "1682"]
[BlackElo "1760"]
[PlyCount "135"]

1. e4 d6 2. d4 Nf6 3. Nc3 Nbd7 4. Bc4 e5 5. d5 Be7 6. Nge2 O-O 7. O-O a6 8. a4
c6 9. a5 Qc7 10. Bd2 Nc5 11. Ng3 Rb8 12. b4 Ncd7 13. Nf5 Re8 14. Qe2 Nf8 15.
Nxe7+ Rxe7 16. f3 Re8 17. Be3 cxd5 18. Nxd5 Nxd5 19. exd5 f5 20. Bb6 Qf7 21.
Rad1 Ng6 22. g3 f4 23. Rf2 Kh8 24. b5 fxg3 25. hxg3 axb5 26. Bxb5 Rf8 27. Rd3
Bf5 28. Rc3 Rbc8 29. Rxc8 Rxc8 30. c4 Qe7 31. Rh2 Qg5 32. Kf2 Rf8 33. Be3 Qf6
34. Kg1 Bc8 35. Rf2 Ne7 36. Qd2 Nf5 37. Bg5 Qg6 38. g4 Nd4 39. Qe3 h6 40. Bh4
Bxg4 41. fxg4 Rxf2 42. Qxf2 Qxg4+ 43. Bg3 Ne2+ 44. Kh2 Nf4 45. Bxf4 exf4 46. c5
Qh5+ 47. Kg2 Qxd5+ 48. Qf3 Qxf3+ 49. Kxf3 dxc5 50. Kxf4 g5+ 51. Kg4 Kg7 52. Bd3
Kf6 53. Be4 c4 54. Bxb7 Ke5 55. Bf3 c3 56. a6 c2 57. a7 c1=Q 58. a8=Q Qf4+ 59.
Kh3 Qf5+ 60. Kh2 Qb1 61. Qd5+ Kf6 62. Qd8+ Kg7 63. Qe7+ Kh8 64. Qf6+ Kh7 65.
Qe7+ Kh8 66. Qe5+ Kg8 67. Bd5+ Kf8 68. Qf6+ 1-0

[Event "11open de NOEL "]
[Site "Charleville 08 Ardennes"]
[Date "????.??.??"]
[Round "7.9"]
[White "Prioux, Michel"]
[Black "Melin, Georges"]
[Result "1/2-1/2"]
[WhiteElo "1730"]
[BlackElo "1691"]
[PlyCount "114"]

1. c4 g6 2. g3 Bg7 3. Bg2 c6 4. Nf3 d5 5. cxd5 cxd5 6. O-O Nc6 7. d4 Nf6 8. Nc3
O-O 9. e3 Bf5 10. a3 Rb8 11. Bd2 Ne4 12. Rc1 Qd7 13. Nh4 Nxc3 14. Bxc3 Bh3 15.
Re1 Bxg2 16. Nxg2 Rfe8 17. Nf4 e6 18. Nd3 b6 19. Re2 e5 20. dxe5 Nxe5 21. Nxe5
Bxe5 22. Rd2 Rbd8 23. Qf1 Bxc3 24. Rxc3 Re5 25. Rcd3 Qe6 26. Qg2 Rd6 27. h4 h5
28. Rd4 Kg7 29. Kh2 f5 30. Qf3 Re4 31. Qd1 Rxd4 32. Rxd4 Kh6 33. Qd2 Qe5 34.
e4+ Kg7 35. Rxd5 Rxd5 36. exd5 Qd6 37. Kg2 Kf6 38. Qc3+ Ke7 39. Qd4 (39. Qg7+
Ke8 40. Qd4) 39... Kf7 40. Kf3 Qe7 41. Qc4 Qd6 42. Qc6 Qe5 43. Qd7+ Kf8 44. Qe6
Qxe6 45. dxe6 Ke7 46. Kf4 Kxe6 47. Kg5 Kf7 48. f3 a5 49. a4 Kg7 50. g4 fxg4 51.
fxg4 hxg4 52. Kxg4 Kh6 53. b3 Kh7 54. h5 Kg7 55. hxg6 Kxg6 56. Kf4 Kf6 57. Ke4
Ke6 1/2-1/2

[Event "11open de NOEL "]
[Site "Charleville 08 Ardennes"]
[Date "????.??.??"]
[Round "7.10"]
[White "Flamant, Jacky"]
[Black "Roule, Nicolas"]
[Result "1/2-1/2"]
[WhiteElo "1702"]
[BlackElo "1628"]
[PlyCount "55"]

1. e4 c6 2. d4 d5 3. e5 Bf5 4. Nf3 e6 5. Be2 c5 6. c3 Nc6 7. O-O cxd4 8. cxd4
Bb4 9. a3 Ba5 10. b4 Bb6 11. b5 Na5 12. a4 Rc8 13. Ba3 Rc2 14. Bd3 Bxd3 15.
Qxd3 Qc7 16. Nbd2 Qc8 17. Rfc1 Rc7 18. Rxc7 Qxc7 19. Rc1 Qd7 20. Qc3 Ne7 21.
Bb4 O-O 22. Qa3 Re8 23. Bc5 Bxc5 24. Rxc5 b6 25. Rc3 Nf5 26. Qc1 Ra8 27. Rc7
Qd8 28. Rc3 1/2-1/2

[Event "11open de NOEL "]
[Site "Charleville 08 Ardennes"]
[Date "????.??.??"]
[Round "7.11"]
[White "Marini, Franck"]
[Black "Regnier, Cedric"]
[Result "0-1"]
[WhiteElo "1587"]
[BlackElo "1596"]
[PlyCount "84"]

1. d4 Nf6 2. c4 e6 3. Nc3 Bb4 4. Qc2 c5 5. dxc5 O-O 6. Bg5 Bxc5 7. e3 b6 8. Nf3
Bb7 9. Be2 Be7 10. O-O Qc7 11. Bf4 Qd8 12. Nb5 Nh5 13. Bd6 (13. Bc7 Qc8 14. Bd6
Nc6 15. Ng5) 13... Na6 14. Rfd1 Nf6 15. Bxe7 Qxe7 16. Nd6 Nc5 17. b4 Be4 18.
Nxe4 Ncxe4 19. Bd3 Nd6 20. e4 e5 21. c5 Nb7 22. Ba6 Rab8 23. Bxb7 Rxb7 24. c6
Rc7 25. b5 dxc6 26. bxc6 Rfc8 27. Rac1 Rxc6 28. Qxc6 Rxc6 29. Rxc6 h6 30. Rdc1
(30. Rc8+ Kh7 31. Rdd8 g6 32. Rh8+ Kg7 33. Nd2) 30... Qa3 31. R1c2 (31. Nxe5
Nxe4 32. Rc7 Qxa2 33. Rf1 b5 34. Rxf7) 31... Qd3 32. h3 Qxe4 33. R6c4 Qd5 34.
Nd2 Nh5 35. g3 f5 36. R4c3 e4 37. Re3 Nf6 38. Kg2 Kh7 39. Nb3 g5 40. Rd2 Qe5
41. Nd4 f4 42. gxf4 gxf4 0-1

[Event "11open de NOEL "]
[Site "Charleville 08 Ardennes"]
[Date "????.??.??"]
[Round "7.12"]
[White "Sogny, Richard"]
[Black "Pierquin, Adrien"]
[Result "1-0"]
[WhiteElo "1560"]
[BlackElo "1401"]
[PlyCount "55"]

1. d4 Nf6 2. Nf3 e6 3. c4 d5 4. Nc3 Bb4 5. Bd2 Nbd7 6. e3 a6 7. cxd5 exd5 8.
Qa4 Bxc3 9. Bxc3 O-O 10. Bd3 Nb6 11. Qc2 g6 12. O-O Be6 13. b3 Qc8 14. Ng5 Bd7
15. f4 h6 16. Nf3 Kg7 17. Rae1 Re8 18. Ne5 Bf5 19. Bxf5 gxf5 20. Rf3 Ne4 21.
Bb2 f6 22. Nd3 Re6 23. Qe2 Rd6 24. Nc5 Rb8 25. Nxe4 fxe4 26. Rg3+ Kh7 27. Qh5
f5 28. Qf7+ 1-0

[Event "11open de NOEL "]
[Site "Charleville 08 Ardennes"]
[Date "????.??.??"]
[Round "7.13"]
[White "Hurreau, Jean Francois"]
[Black "Pierquin, Jean-Bernard"]
[Result "0-1"]
[WhiteElo "1437"]
[BlackElo "1399"]
[PlyCount "123"]

1. e4 e5 2. Nf3 Nc6 3. Bb5 Nf6 4. Nc3 Bb4 5. O-O h6 6. d3 O-O 7. Bxc6 dxc6 8.
Nxe5 Bxc3 9. bxc3 Re8 10. Nf3 Qd6 11. h3 Nh5 12. Re1 Qg6 13. Nh4 Qf6 14. Qxh5
Qxc3 15. Bxh6 Re5 16. Qf3 (16. Nf5 Bxf5 17. Bf4 Re6 18. Qxf5 {
et gros avantage blanc}) 16... gxh6 17. d4 Qxd4 18. Qd3 c5 19. Qxd4 cxd4 20.
Rad1 Be6 21. a3 Ra5 22. Rd3 Rc5 23. Rg3+ Rg5 24. Rxg5+ hxg5 25. Nf3 f6 26. Nxd4
Bc4 27. e5 c5 28. Nf5 Re8 29. e6 Rxe6 30. Rxe6 Bxe6 31. g4 Bxf5 32. gxf5 Kh7
33. Kg2 a5 34. a4 Kh6 35. c4 Kh5 36. Kg3 Kh6 37. Kg4 Kg7 38. f4 b5 39. cxb5 c4
40. b6 c3 41. b7 c2 42. b8=Q c1=Q 43. Qb7+ Kh6 44. Qb8 Qg1+ 45. Kf3 Qd1+ 46.
Ke4 (46. Kg3 Qd3+ 47. Kg4 Qd1+ 48. Kg3 {et les noirs n'ont que la nulle}) 46...
Qxa4+ 47. Kd5 Qd7+ 48. Ke4 Qa4+ 49. Ke3 Qa3+ 50. Kd2 Qa2+ 51. Kc3 Qa1+ 52. Kc2
Qa4+ 53. Kd3 gxf4 54. Qh8+ Kg5 55. h4+ (55. Qg8+ Kxf5 56. Qd5+ Kg6 57. Qg8+ Kh5
58. Qh8+ Kg5 59. Qg8+ Kh6 60. Qf8+ {et nulle tranquille pour les blancs}) 55...
Kxf5 56. Qh5+ Ke6 57. Qg4+ Ke5 58. Qe2+ Kd5 59. Qf3+ Kd6 60. h5 Qa3+ 61. Ke2
Qxf3+ 62. Kxf3 0-1

[Event "11open de NOEL "]
[Site "Charleville 08 Ardennes"]
[Date "????.??.??"]
[Round "7.14"]
[White "Calaresu, Tony"]
[Black "Louis, Vincent"]
[Result "1-0"]
[WhiteElo "1400"]
[BlackElo "1479"]
[PlyCount "153"]

1. d4 Nf6 2. Nf3 g6 3. e3 Bg7 4. Bd3 O-O 5. O-O d6 6. b3 c6 7. Bb2 Re8 8. Nbd2
Nbd7 9. c4 e6 10. Rc1 b6 11. b4 d5 12. c5 b5 13. Ne5 Qc7 14. f4 Nf8 15. a4 a6
16. Ra1 Bb7 17. a5 Kh8 18. Rf3 Ng8 19. Ng4 Bc8 20. Rg3 Ra7 21. Qe2 h5 22. Nf2
Qd8 23. e4 Rae7 24. e5 Nh6 25. Nh3 Rc7 26. Rf1 Nh7 27. Bc1 Rg8 28. Ng5 Qe8 29.
Nh3 Bf8 30. Ng5 Be7 31. Nh3 Bd8 32. Nb3 Bh4 33. Rgf3 f5 34. Ng5 Qe7 35. Qd2 Nf7
36. Nxf7+ Qxf7 37. g3 Bd8 38. h4 Qe8 39. Kh2 Rcg7 40. Rg1 Be7 41. Qf2 Qd8 42.
Be3 Bd7 43. Nd2 Be8 44. Bc2 g5 45. hxg5 Bxg5 46. fxg5 Nxg5 47. Rf4 Qe7 48. Nf3
Nxf3+ 49. Qxf3 h4 50. gxh4 Rxg1 51. Bxg1 Qh7 52. Bd1 Qg6 53. Be3 Rg7 54. h5 Rh7
55. Rh4 Qg7 56. Qg3 Qf7 57. Qg5 Qd7 58. Qf6+ Kg8 59. Bh6 Rf7 60. Qg5+ Kh8 61.
Rh3 f4 62. Rh4 Qe7 63. Qxe7 Rxe7 64. Bxf4 (64. Rxf4 Rh7 (64... Kh7 65. Rf6 Rf7
66. Rxe6 Rf2+ 67. Kg3)) 64... Rh7 65. h6 Bg6 66. Rg4 Bf5 67. Rg3 Re7 68. Bh5
Kh7 69. Bg4 Bxg4 70. Rxg4 Rf7 71. Be3 Rf3 72. Rg7+ Kh8 73. Bg5 Rd3 74. Bf6 Rxd4
75. Re7+ Kg8 76. h7+ Kf8 77. h8=Q# 1-0

[Event "11open de NOEL "]
[Site "Charleville 08 Ardennes"]
[Date "????.??.??"]
[Round "6.1"]
[White "Roos, Louis"]
[Black "Serafimov, Tervel"]
[Result "1-0"]
[WhiteElo "2338"]
[BlackElo "2407"]
[PlyCount "77"]

1. e4 g6 2. d4 Bg7 3. Nc3 d6 4. Nf3 a6 5. a4 b6 6. Bc4 e6 7. O-O Ne7 8. Re1 Bb7
9. Bf4 Nd7 10. Qd2 h6 11. h4 Kf8 12. Rad1 Kg8 13. Nh2 Kh7 14. Bg3 Nf6 15. f3 d5
16. Bf1 h5 17. Bf4 Re8 18. e5 Nd7 19. g4 c5 20. Ne2 cxd4 21. Nxd4 Qc7 22. Qe3
Nc5 23. b3 hxg4 24. Nxg4 Nf5 25. Qf2 Nd7 26. h5 Kg8 27. Qh2 Qc5 28. Be3 Nxe3
29. Rxe3 g5 30. h6 Bf8 31. Qh5 Be7 32. Nxe6 Qc6 33. Nxg5 Qg6 34. Qxg6+ fxg6 35.
f4 Bc5 36. Bg2 Bxe3+ 37. Nxe3 Nxe5 38. Nxd5 Nd7 39. Nc7 1-0

[Event "11open de NOEL "]
[Site "Charleville 08 Ardennes"]
[Date "????.??.??"]
[Round "6.2"]
[White "Dgebuadze, Alexandre"]
[Black "Wallart, Adrien"]
[Result "1-0"]
[WhiteElo "2474"]
[BlackElo "2278"]
[PlyCount "95"]

1. d4 d5 2. Nf3 Nf6 3. Bg5 c5 4. e3 Ne4 5. Bf4 Nc6 6. c3 e6 7. Nbd2 Nxd2 8.
Qxd2 Bd6 9. Bb5 O-O 10. O-O Bxf4 11. exf4 cxd4 12. cxd4 Ne7 13. Rac1 Bd7 14.
Bd3 Qb6 15. Rc5 Qd6 16. Rfc1 Rac8 17. g3 b6 18. Rxc8 Rxc8 19. Rxc8+ Bxc8 20.
Qc2 g6 21. h4 f6 22. h5 Kf7 23. hxg6+ hxg6 24. Bxg6+ Nxg6 25. Qxc8 a5 26. f5
Nf8 27. fxe6+ Nxe6 28. Qc3 Ng5 29. Nxg5+ fxg5 30. Kg2 Qd7 31. Qf3+ Kg6 32. b3
g4 33. Qd3+ Kf6 34. Qe3 b5 35. Qh6+ Kf5 36. f3 Qc7 37. fxg4+ Ke4 38. Qf4+ Qxf4
39. gxf4 Kxf4 40. Kh3 a4 41. bxa4 bxa4 42. Kh4 Ke4 43. g5 Kxd4 44. g6 Kc3 45.
g7 d4 46. g8=Q d3 47. Qh8+ Kc2 48. Qd4 1-0

[Event "11open de NOEL "]
[Site "Charleville 08 Ardennes"]
[Date "????.??.??"]
[Round "6.3"]
[White "Schweitzer, Viktoriya"]
[Black "Pytel, Krzysztof"]
[Result "1/2-1/2"]
[WhiteElo "2139"]
[BlackElo "2311"]
[PlyCount "66"]

1. e4 d5 2. exd5 Qxd5 3. Nc3 Qd6 4. d4 c6 5. Nf3 Nf6 6. Ne5 Nbd7 7. f4 Nb6 8.
g4 g6 9. Bg2 Bg7 10. g5 Nfd5 11. Ne4 Qd8 12. c4 Nc7 13. b3 O-O 14. O-O f6 15.
Nf3 fxg5 16. Be3 Bg4 17. Nexg5 h6 18. Ne4 Ne6 19. Nf2 Bxf3 20. Qxf3 Nxd4 21.
Qg4 Nf5 22. Bxb6 Qxb6 23. Qxg6 Kh8 24. Rae1 Bd4 25. Re6 Rad8 26. Qh5 Bxf2+ 27.
Rxf2 Rd6 28. c5 Qxc5 29. Re5 Qc1+ 30. Rf1 Qc2 31. Be4 Qd2 32. Bxf5 Rg8+ 33. Bg4
Rg7 1/2-1/2

[Event "11open de NOEL "]
[Site "Charleville 08 Ardennes"]
[Date "????.??.??"]
[Round "6.4"]
[White "Serafimov, Dimitar"]
[Black "Halfaoui, Eddine"]
[Result "1-0"]
[WhiteElo "2258"]
[BlackElo "1935"]
[PlyCount "93"]

1. c4 c5 2. Nc3 g6 3. g3 Bg7 4. Bg2 e6 5. Nf3 Ne7 6. d4 cxd4 7. Nxd4 a6 8. e4
O-O 9. O-O Nbc6 10. Nc2 b6 11. Bf4 Bb7 12. Qd2 Ne5 13. b3 N7c6 14. Rad1 Bc8 15.
Bh6 Bxh6 16. Qxh6 Qf6 17. Qe3 Ng4 18. Qd2 Qg7 19. h3 Nh6 20. f4 Rb8 21. Kh2 Rd8
22. e5 Bb7 23. Ne4 Qf8 24. Nd6 Ba8 25. Ne3 f5 26. exf6 Qxf6 27. g4 Qg7 28. g5
Nf7 29. Ng4 Nxd6 30. Qxd6 Ne7 31. Nf6+ Kh8 32. Bxa8 Rxa8 33. Qxb6 Nf5 34. Rfe1
Qe7 35. Qa5 h6 36. Qc3 Qg7 37. Rd3 hxg5 38. fxg5 Rac8 39. Qe5 d5 40. Re2 dxc4
41. Rxd8+ Rxd8 42. bxc4 Nd4 43. Rf2 Nc6 44. Qg3 Qa7 45. Qh4+ Kg7 46. Qh7+ Kf8
47. Nd7+ 1-0

[Event "11open de NOEL "]
[Site "Charleville 08 Ardennes"]
[Date "????.??.??"]
[Round "6.5"]
[White "Pytel, Bozena"]
[Black "Bernard, Jacques"]
[Result "0-1"]
[WhiteElo "1929"]
[BlackElo "2204"]
[PlyCount "65"]

1. Nf3 c5 2. c4 Nc6 3. Nc3 e5 4. e4 g6 5. d3 Bg7 6. Be2 d6 7. O-O Nge7 8. Bg5
h6 9. Bh4 O-O 10. Nd5 g5 11. Nxe7+ Qxe7 12. Bg3 f5 13. exf5 Bxf5 14. Nd2 Nd4
15. Ne4 Rab8 16. a4 Qe6 17. Nc3 a6 18. Bf3 Nxf3+ 19. Qxf3 b6 20. Qe3 Rf7 21. f3
e4 22. Qd2 exd3 23. b3 Re8 24. Rae1 Qd7 25. Ne4 d5 26. Nd6 Rxe1 27. Rxe1 dxc4
28. bxc4 Rf6 29. Nxf5 Rxf5 30. h4 Qd4+ 31. Bf2 Qxc4 32. hxg5 hxg5 33. Rd1 0-1

[Event "11open de NOEL "]
[Site "Charleville 08 Ardennes"]
[Date "????.??.??"]
[Round "6.6"]
[White "Rouffignac, Tanguy"]
[Black "Flamant, Jacky"]
[Result "1-0"]
[WhiteElo "2265"]
[BlackElo "1702"]
[PlyCount "43"]

1. e4 e6 2. d4 d5 3. Nd2 dxe4 4. Nxe4 Nf6 5. Nxf6+ Qxf6 6. Nf3 h6 7. g3 c5 8.
Bg2 cxd4 9. Qxd4 Qxd4 10. Nxd4 a6 11. Bd2 Bc5 12. Nb3 Nd7 13. Nxc5 Nxc5 14. Bb4
Na4 15. b3 Nb6 16. O-O-O a5 17. Bc5 Nd7 18. Bd6 a4 19. b4 Ra6 20. b5 Rb6 21. c4
f6 22. Bc7 1-0

[Event "11open de NOEL "]
[Site "Charleville 08 Ardennes"]
[Date "????.??.??"]
[Round "6.7"]
[White "Prioux, Michel"]
[Black "Schweitzer, Marc"]
[Result "0-1"]
[WhiteElo "1730"]
[BlackElo "1880"]
[PlyCount "44"]

1. c4 g6 2. Nc3 Bg7 3. g3 Nf6 4. Bg2 c5 5. Nf3 Nc6 6. O-O O-O 7. d3 e6 8. Bg5
h6 9. Bxf6 Bxf6 10. Ne4 Be7 11. a3 d5 12. cxd5 exd5 13. Nc3 Be6 14. Rc1 Qd7 15.
Re1 Rac8 16. e3 Bf6 17. Rc2 b6 18. Ne2 d4 19. e4 Bb3 20. Nf4 Bxc2 21. Qxc2 Qd6
22. Nd5 Rce8 0-1

[Event "11open de NOEL "]
[Site "Charleville 08 Ardennes"]
[Date "????.??.??"]
[Round "6.8"]
[White "Melin, Georges"]
[Black "Gerardin, David"]
[Result "0-1"]
[WhiteElo "1691"]
[BlackElo "1758"]
[PlyCount "120"]

1. Nf3 Nf6 2. b3 d5 3. e3 c5 4. Bb2 a6 5. c4 Bf5 6. Nc3 Nc6 7. Nh4 Bg6 8. cxd5
Nxd5 9. Bc4 Nf6 10. O-O e6 11. Nxg6 hxg6 12. Qf3 Qxd2 13. Na4 Qd6 14. g3 Be7
15. Rad1 Qc7 16. Bxf6 gxf6 17. Be2 Ne5 18. Qg2 O-O 19. f4 Nd7 20. Nc3 Kg7 21.
Bf3 Rad8 22. Bxb7 Qb6 23. Na4 Qa7 24. Qc6 Nb8 25. Qc7 Bd6 26. Rxd6 Rxd6 27.
Nxc5 Qb6 28. Qxb6 Rxb6 29. Rd1 Rb5 30. Rc1 a5 31. a4 Rb6 32. Rd1 Re8 33. Rd3
Re7 34. Bf3 Rc7 35. Ne4 Rc1+ 36. Kf2 Rc2+ 37. Rd2 Rxd2+ 38. Nxd2 Nd7 39. Be2
Nc5 40. Bc4 f5 41. Kf3 Rd6 42. Ke2 Ne4 43. Nxe4 fxe4 44. h4 f5 45. Bb5 Rd8 46.
Bc4 Rd6 47. Ke1 Kh6 48. Be2 Kg7 49. Bc4 Kf6 50. Be2 e5 51. fxe5+ Kxe5 52. Bc4
Kf6 53. Be2 Rb6 54. Bc4 g5 55. hxg5+ Kxg5 56. Kf2 Rd6 57. Kg2 Rd2+ 58. Kf1 Kg4
59. Be6 Rd6 60. Bc8 Rb6 0-1

[Event "11open de NOEL "]
[Site "Charleville 08 Ardennes"]
[Date "????.??.??"]
[Round "6.9"]
[White "Le Deuff, Frederic"]
[Black "Marini, Franck"]
[Result "1-0"]
[WhiteElo "1760"]
[BlackElo "1587"]
[PlyCount "103"]

1. e4 e6 2. d4 d5 3. Be3 Nf6 4. e5 Nfd7 5. f4 c5 6. c3 Nc6 7. Nf3 cxd4 8. cxd4
Be7 9. a3 O-O 10. Bd3 f5 11. exf6 Nxf6 12. O-O Bd6 13. Ne5 Ne7 14. Nd2 Nf5 15.
Qe2 Bd7 16. Ndf3 Be8 17. Ng5 Qe7 18. Rae1 Bxe5 19. fxe5 Nd7 20. g4 Nxe3 21.
Rxf8+ Nxf8 22. Qxe3 Bg6 23. h4 Bxd3 24. Qxd3 h6 25. Nf3 Nh7 26. Kg2 Rc8 27. Re2
g5 28. Qg6+ Kh8 29. Qxh6 gxh4 30. Kh3 Rg8 31. Qxh4 Qxh4+ 32. Kxh4 Rf8 33. Kg3
Kg7 34. Rc2 Rf7 35. Rh2 Kg6 36. Rf2 Rc7 37. Kh4 Rf7 38. Kg3 Rc7 39. Rh2 Rf7 40.
Rh5 Rc7 41. Nh4+ Kg7 42. Nf3 Rc2 43. Rh2 Rc7 44. Kh4 Kg6 45. g5 Rf7 46. Kg4 Rg7
47. Nh4+ Kf7 48. g6+ Ke7 49. Rf2 Nf8 50. Kh5 Rg8 51. Rf7+ Ke8 52. Rxb7 1-0

[Event "11open de NOEL "]
[Site "Charleville 08 Ardennes"]
[Date "????.??.??"]
[Round "6.10"]
[White "Fauchart, Francois"]
[Black "Sogny, Richard"]
[Result "1-0"]
[WhiteElo "1693"]
[BlackElo "1560"]
[PlyCount "79"]

1. d4 d5 2. Nf3 Nf6 3. Bf4 e6 4. Nbd2 c5 5. c3 c4 6. e3 b5 7. a3 Nc6 8. Be2 Be7
9. O-O O-O 10. h3 Bb7 11. Re1 Nd7 12. Qb1 f5 13. b3 Na5 14. bxc4 bxc4 15. Ne5
Nxe5 16. Bxe5 Ba6 17. g4 Bd6 18. Bxd6 Qxd6 19. Qb4 Qc7 20. Qa4 Bc8 21. Rab1 Bd7
22. Qd1 e5 23. dxe5 Qxe5 24. Nf3 Qd6 25. Rb4 fxg4 26. hxg4 Bxg4 27. Rb5 Qg6 28.
Ne5 Bxe2+ 29. Nxg6 Bxd1 30. Nxf8 Bf3 31. Nxh7 Kxh7 32. Rxa5 Rh8 33. Kh2 Kg6+
34. Kg3 Rf8 35. Rxa7 Be4 36. f4 Rf6 37. Re2 Kf5 38. Rxg7 d4 39. exd4 Ke6 40.
Rxe4+ 1-0

[Event "11open de NOEL "]
[Site "Charleville 08 Ardennes"]
[Date "????.??.??"]
[Round "6.11"]
[White "Louis, Andre"]
[Black "Hurreau, Jean Francois"]
[Result "1-0"]
[WhiteElo "1682"]
[BlackElo "1437"]
[PlyCount "19"]

1. e4 e5 2. Nf3 Nf6 (2... d6) 3. Bc4 (3. Nxe5 d6 4. Nf3 Nxe4 5. Qe2) 3... d6 4.
Ng5 Be6 5. Nxe6 fxe6 6. Bxe6 Nxe4 (6... Qe7 7. O-O Nbd7) 7. Bd5 Nc5 8. Qh5+ g6
9. Qf3 c6 10. Qf7# 1-0

[Event "11open de NOEL "]
[Site "Charleville 08 Ardennes"]
[Date "????.??.??"]
[Round "6.12"]
[White "Roule, Nicolas"]
[Black "Recloux, Georges"]
[Result "1-0"]
[WhiteElo "1628"]
[BlackElo "1534"]
[PlyCount "59"]

1. d4 Nf6 2. c4 g6 3. Nc3 Bg7 4. e4 d6 5. Nf3 O-O 6. Be2 Nc6 7. O-O a6 8. Be3
Ng4 9. Bf4 e5 10. dxe5 Ngxe5 11. Qd2 Re8 12. Rfe1 Bg4 13. Nxe5 Nxe5 14. Bxe5
Bxe2 15. Bxg7 f6 16. Bxf6 Qxf6 17. Rxe2 g5 18. Nd5 Qg7 19. Rd1 c6 20. Nc3 Rad8
21. Qe3 Re5 22. Red2 Qc7 23. b3 Rd7 24. Rd3 b5 25. Qd2 b4 26. Na4 Rxe4 27. Qxb4
Rde7 28. Kf1 d5 29. g3 Rh4 30. gxh4 1-0

[Event "11open de NOEL "]
[Site "Charleville 08 Ardennes"]
[Date "????.??.??"]
[Round "6.13"]
[White "Regnier, Cedric"]
[Black "Mondeel, Paul"]
[Result "1/2-1/2"]
[WhiteElo "1596"]
[BlackElo "1531"]
[PlyCount "76"]

1. d4 d5 2. Nf3 e6 3. e3 Nf6 4. Bd3 c5 5. b3 b6 6. Nbd2 Bb7 7. Bb2 Be7 8. O-O
O-O 9. Ne5 Nbd7 10. f4 cxd4 11. exd4 a6 12. Qf3 Re8 13. Qh3 Nf8 14. g4 N6d7 15.
Ndf3 f6 16. Nxd7 Qxd7 17. Rae1 Bd6 18. f5 e5 19. dxe5 Bc5+ 20. Kh1 d4 21. e6
Qe7 22. Be4 Bxe4 23. Rxe4 Rad8 24. Nxd4 Qb7 25. Qg2 Be7 26. Re2 Qc7 27. Nc6 Rc8
28. Nxe7+ Qxe7 29. Rd1 Red8 30. Rxd8 Rxd8 31. h4 h6 32. Rd2 Rxd2 33. Qxd2 Nxe6
34. fxe6 Qxe6 35. Qg2 Qe1+ 36. Kh2 Qxh4+ 37. Kg1 Qe1+ 38. Kh2 Qh4+ 1/2-1/2